00782nam a2200229 a 450000100060000000300080000600500170001400800410003103500200007204000350009204100080012708200260013510000160016124502120017725000120038926000370040130000210043850000190045965000320047870000180051070000240052856282BD-RjUL20211209080357.0161128s19551942ii ||||| |||| 001 0 eng d a(BD-RjUL) 56406 aBD-RjULbengcBD-RjULdBD-RjUL aeng 223a347.077bIYI 1955 aIyer, N. K. aIyer & Anand's The law of specific relief :bbeing an exhaustive commentary on the Specific Relief Act /cN. K. Iyer, R. L. Anand, Revised & Enlarged by Mantha Ramamurti, with a Foreword by Sir Abdul Qadir.  a4th ed. aAllahabad :bLaw Book Co.,c1955 a845 p. ;c22 cm. aIncludes index aEquitable remedieszIndia.  a Anand, R. L. a Ramamurti, Mantha.